Chacabuco y Vergara: sino y camino del teniente general Rafael Maroto Yserns
Gespeichert in:
| 1. Verfasser: | |
|---|---|
| Format: | Buch |
| Sprache: | Spanisch |
| Veröffentlicht: |
Santiago
Andrés Bello
1981
|
| Schlagworte: | |
| Tags: |
Tag hinzufügen
Keine Tags, Fügen Sie den ersten Tag hinzu!
|
MARC
| LEADER | 00000cam a2200000 a 4500 | ||
|---|---|---|---|
| 001 | UCF5979 | ||
| 003 | CL-VaPUC | ||
| 008 | 130404e19810000CL |||||||||||||||||spa|d | ||
| 082 | 0 | 4 | |a 920.083 |b TOR |2 21 |
| 100 | 0 | |a Torres Marín, Manuel |e author |9 568022 | |
| 245 | 1 | 0 | |a Chacabuco y Vergara: sino y camino del teniente general Rafael Maroto Yserns |
| 300 | |a 483 p | ||
| 942 | |c BK | ||
| 945 | |d 20130404 00:00:00 |a dcastane | ||
| 260 | |a Santiago |b Andrés Bello |c 1981 | ||
| 650 | 7 | |a BIOGRAFIAS HISTORICAS |2 CL-VaPUC |9 476623 | |
| 650 | 0 | |a Historia de Chile |9 265473 | |
| 650 | 0 | |a Personajes históricos |9 476624 | |
| 583 | |a last modification |c 20130404 09:53:00 |k Rodrigo Vera | ||
| 999 | |c 351372 |d 351370 | ||
| 952 | |0 0 |1 0 |4 0 |6 920_083000000000000_TOR_1981 |7 0 |8 A |9 455421 |a BIBHIS |b BIBHIS |d 2019-11-22 |i 4960726 |o 920.083 TOR 1981 |p 4960726 |r 2025-01-20 |w 2019-11-22 |y BK |k HIS | ||